| 000 | 00837nam a22002417a 4500 | ||
|---|---|---|---|
| 999 |
_c63579 _d63579 |
||
| 005 | 20240530110648.0 | ||
| 008 | 171025s2015 ua g b 000 0 ara d | ||
| 017 |
_a2014/15800 _bمصر. دار الكتب |
||
| 020 | _a9789773505950 | ||
| 040 |
_aEG-CaGPL _cEG-CaGPL |
||
| 082 | 0 | 4 |
_221 _a801.95 / _bع ن |
| 100 | 0 | _aعزت جاد | |
| 245 | 1 | 0 |
_aنظرية المصطلح النقدى / _cعزت جاد |
| 250 | _aط. 2 | ||
| 260 |
_aالقاهرة : _bدار الكتاب الحديث ، _c2015. |
||
| 300 |
_a632 ص. ؛ _c24 سم. |
||
| 504 | _aشتمل على ارجاعات ببليوجرافية | ||
| 650 | 0 | 7 |
_2qrmak _aالنقد |
| 650 | 0 | 7 |
_2qrmak _aالادب _xتاريخ ونقد |
| 650 | 0 | 7 |
_2qrmak _aالادب العربى _xتاريخ ونقد |
| 942 |
_2ddc _cBK |
||